| 000 | 00613nam a2200169 a 4500 | ||
|---|---|---|---|
| 001 | 000037381 | ||
| 005 | 20200930080330.0 | ||
| 008 | 120329s2012 dr r 000 0 spa d | ||
| 020 | _a9789945473964 | ||
| 040 |
_aDO-SdBNP _bspa _cBNPHU |
||
| 082 |
_axxxx _bG633d |
||
| 100 | 1 |
_aGómez, Carlos Alberto, _d1971- _963840 |
|
| 245 | 1 | 4 |
_aLos discípulos misioneros I : _b15 tema de reflexión eclesiológica / _cRvdo. Diác. Carlos Alberto Gómez, MC ; prólogo Pbro. William Ant. Arias. |
| 260 |
_aSanto Domingo : _bPalabra Multimedia, _c2012. |
||
| 300 |
_a88 p. ; _c22 cm. |
||
| 700 | 1 |
_aArias, William Ant., _etr. _963841 |
|
| 999 |
_c36871 _d36871 |
||